| 000 | 00762nam a22002057i 4500 | ||
|---|---|---|---|
| 999 |
_c23128 _d23128 |
||
| 003 | AR-CdUCM | ||
| 008 | 241115b20232023 pe||||| |||| 00| 0 spa d | ||
| 040 |
_aMUNICIPALIDAD PROVINCIAL DEL CUSCO _cBIBLIOTECA MUNICIPAL DEL CUSCO |
||
| 041 | _hspa | ||
| 082 |
_a869.57 / V39 _bV39 |
||
| 100 |
_aVeka, Lenyan _950816 |
||
| 245 | _aDanzan las aves / | ||
| 260 |
_aPerú : _bEditorial Fuego _c2023 |
||
| 300 |
_a62 páginas. : _c10 cm. |
||
| 505 | _aEl amor como el mar -- Primer paraíso -- Amanece -- Retrato --Profundidades -- Danzan los hombres -- Figura en verso -- Mar levantado -- Se hizo tu cuerpo -- Descripción de lo ajeno | ||
| 650 |
_aPoesía peruana _950817 |
||
| 650 |
_asiglo XXI _950818 |
||
| 942 |
_2ddc _cLIBROS |
||
| 945 |
_apbj _d15-11-2024 |
||